• 首页
  • 本馆介绍
  • 公告通知
  • 最新文献
  • 馆藏检索
  • 电子资源
  • 读者导购
  • 参考咨询
  • 我的图书馆
  • 登录
  • 详细信息显示
  • 放入我的书架
  • 预约/预借图书
  • 作者相关作品
  • 分类相关作品
  • 丛书相关作品
  • 出版社相关作品

书目信息

  • 表格格式
  • 工作单格式
  • 卡片格式
题名:
中国药用植物
    
 
作者: 叶华谷 主编
分册: 十七  
出版信息: 北京   化学工业出版社  2017.6
页数: 404页
开本: 21cm
丛书名:
单 册:
中图分类: R282.71
科图分类:
主题词: 药用植物--介绍--中国
电子资源:
ISBN: 978-7-122-27792-3
000 00952nam0 2200253 450
001 0400002918
005 20171025150924.20
010    @a978-7-122-27792-3@dCNY79.00
100    @a20170619e2017 em y0chiy50 ea
101 0  @achi
102    @aCN@b110000
105    @aa z 001yy
106    @ar
200 1  @a中国药用植物@9zhong guo yao yong zhi wu@h十七@f叶华谷[等]主编
210    @a北京@c化学工业出版社@d2017.6
215    @a404页@c图@d21cm
304    @a主编还有:曾飞燕、廖文波、叶育石
304    @a英文共同题名:Chinese medicinal plants
330    @a本书以图文结合的形式,收录我国野生及栽培的药用植物共197种(包括亚种、变种及变型),主要从植物资源利用的角度,介绍了每种植物的中文名、别名、拉丁名、形态特征、生境、分布、采集加工、性味功能、主治用法等,有些种类还有附方。
606 0  @a药用植物@x介绍@y中国
690    @aR282.71@v5
701  0 @a叶华谷@9ye hua gu@4主编
801  0 @aCN@b91MARC@c20171021
905    @b1021408-12@dR282.71@f5@e403:17
    
    中国药用植物.十七/叶华谷[等]主编.-北京:化学工业出版社,2017.6
    404页:图;21cm
    
    
    ISBN 978-7-122-27792-3:CNY79.00
    本书以图文结合的形式,收录我国野生及栽培的药用植物共197种(包括亚种、变种及变型),主要从植物资源利用的角度,介绍了每种植物的中文名、别名、拉丁名、形态特征、生境、分布、采集加工、性味功能、主治用法等,有些种类还有附方。
●
相关链接 在E读中查询图书 在五车中查询图书 在当当中查询图书 在豆瓣中查询图书


正题名:中国药用植物     索取号:R282.71/403:17         预约/预借

序号 登录号 条形码 馆藏地/架位号 状态 备注
1 1021408   210214089   第二样本阅览室/ [索取号:R282.71/403:17] 在馆    
2 1021409   210214098   第三借阅区/ [索取号:R282.71/403:17] 在馆    
3 1021410   210214105   第三借阅区/ [索取号:R282.71/403:17] 在馆    
4 1021411   210214114   第三借阅区/ [索取号:R282.71/403:17] 在馆    
5 1021412   210214123   第三借阅区/ [索取号:R282.71/403:17] 在馆    
唐山师范学院图书馆 欢迎您!
大连网信软件有限公司© 版权所有